Datum a čas kvízu
19
Celkem bodů
Celkový počet nahraných bodů na tomto kvízu bez doplňovacích otázek.
10.
Pořadí na kvízu
Konečné umístění týmu na tomto kvízu.
Zaznamenané odpovědi
| # | Otázka | Odpověď | Body | Výsledky |
|---|---|---|---|---|
| 1. | Poblíž které jihočeské obce by... | Lety | 1 | |
| 2. | Posádka tureckých nízkonáklado... | Britové | 0 | |
| 3. | Fanoušci seriálu Simpsonovi sm... | Larry | 0 | |
| 4. | Minulý týden jsme se dozvěděli... | Datart | 1 | |
| 5. | Který český hokejista v úterý... | Jakub Voráček | 1 | |
| 6. | Sugo all'amatriciana patří mez... | guanciale; pecorino | 0 | |
| 7. | Napište zakrytou značku zobraz... | Kikkoman | 0 | |
| 8. | Když se řekne omáčka, určitě s... | 15 | 0 | |
| 9. | Město Worcester dalo jméno jed... | C; ločidlo | 0 | |
| 10. | Jak se označuje tato jednoduch... | velouté | 0 |